[Event "Interpolis-02"]
[Site "Tilburg"]
[Date "1978.09.03"]
[Round "3"]
[White "Larsen, Bent"]
[Black "Portisch, Lajos"]
[Result "1/2-1/2"]
[WhiteElo "2620"]
[BlackElo "2630"]
[Annotator "Ftacnik,L"]
[PlyCount "118"]
[EventDate "1978.09.01"]
[EventType "tourn"]
[EventRounds "11"]
[EventCountry "NED"]
[EventCategory "14"]
[SourceTitle "MCL"]
[Source "ChessBase"]
[SourceDate "1999.07.01"]
[SourceVersion "1"]
[SourceVersionDate "1999.07.01"]
[SourceQuality "1"]

1. e4 e6 2. d4 d5 3. Nd2 c5 4. exd5 exd5 5. Bb5+ Bd7 6. Qe2+ Be7 (6... Qe7 7.
Bxd7+ Nxd7 8. dxc5 Nxc5 9. Nb3 Qxe2+ 10. Nxe2 Nxb3 11. axb3 {Karpov-Korchnoi,
1978}) 7. dxc5 Nf6 8. Nb3 (8. Ngf3 O-O 9. Nb3 Re8 10. Be3 Bxc5 11. Bxd7 (11.
Nxc5 Qa5+) 11... Nbxd7 12. Nxc5 Nxc5 13. Qb5 Rc8 $1 (13... Ne6 $2 14. O-O Qc7
15. c3 a6 16. Qb6 Qxb6 17. Bxb6 $14) 14. O-O Qd7 15. Qxd7 Ncxd7 16. c3 Ng4 17.
Bd4 b6 18. Rfe1 f6 19. Rad1 {1/2:1/2, Ivkov-Portisch, 1965}) 8... O-O 9. Be3
Re8 (9... a6) 10. Nf3 a6 (10... Bxc5 $5 11. Nxc5 (11. Bxd7 Nbxd7 12. Nxc5 Nxc5
13. Qb5 $1 Rc8 14. O-O a6 15. Qb4 Re4 16. Qd2 h6 17. Rad1 $14 {Larsen-Uhlmann,
Las Palmas 1971}) 11... Qa5+ 12. Qd2 Qxb5 13. O-O-O b6 14. Nxd7 Nbxd7 15. Kb1
Ne4 16. Qd3 Qxd3 17. Rxd3 $14 {Karpov-Korchnoi, Baguio m (22) 1978}) 11. Bd3 $5
(11. Bxd7 Nbxd7 12. O-O Nxc5 13. Rfe1 $6 $10 {Parma-Korchnoi, Moskva 1971} (13.
Nfd4 $5)) 11... Ba4 12. Nfd4 $1 (12. O-O $2 Bxb3 13. axb3 Bxc5 $15) 12... Nbd7
13. O-O Nxc5 14. Nxc5 (14. c3 $5) 14... Bxc5 15. Qf3 (15. c3 $5) 15... Qb6 16.
Nf5 Bxe3 17. fxe3 $5 (17. Nxe3 Bc6) 17... Bd7 (17... Qxb2 18. Qg3 g6 19. Nh6+
Kg7 20. Nxf7 $5 Kxf7 21. Rab1 Qc3 22. Rxb7+ Kg8 23. Qh4) 18. Nd4 Re7 19. Bf5
Bb5 (19... Qxb2 $5) 20. Rfe1 (20. Rf2 Rae8 21. Re1 Qxd4) 20... Rae8 21. c3 Qc7
$10 22. Rad1 Ba4 23. Rd2 Re5 24. Bd3 {(/\ 24...Qe7 25.Rf5)} Bd7 (24... Rh5 25.
h3 (25. g4 $5 Rhe5 (25... Rg5 26. Rg2 Bd7 27. Bf5 Bxf5 28. Nxf5) 26. Rg2 Bd7 (
26... h6 27. h4 Bd7 28. g5 hxg5 29. hxg5 Ng4 30. Qf4) 27. g5 Ne4 28. Bxe4 Rxe4
29. Qg3) 25... Rg5 26. Nf5 Bd7 27. g4 $5) 25. Rf2 Rh5 26. Qf4 (26. h3 $6 Rg5 {
(/\ Rg3, Bh3)}) 26... Qxf4 27. Rxf4 Rhe5 28. Nc2 Ng4 (28... a5 $142 {/\
Re5-e6-b6}) 29. Rb4 Bc8 (29... b5 $2 30. a4 bxa4 (30... a5 $2 31. Bxb5 $1) (
30... Nxe3 31. Nxe3 Rxe3 32. Rxe3 Rxe3 33. axb5 Rxd3 34. bxa6 Kf8 35. a7 Bc6
36. Rb6 Rd1+ 37. Kf2 Ra1 38. Rxc6 Rxa7 39. Ke3) 31. Bxa6 Nxe3 32. Nxe3 Rxe3 33.
Rxe3 Rxe3 34. Rb8+ (34. Bb5 Bxb5 35. Rxb5 Kf8 36. Rxd5 a3) 34... Re8 35. Rxe8+
Bxe8 36. Bb7) 30. Rd4 Kf8 31. a4 $1 (31. h3 $6 Nxe3 32. Nxe3 Rxe3 33. Rxe3 Rxe3
34. Rxd5 Be6 35. Rd4 (35. Rd8+ $2 Ke7 36. Kf2 $2 (36. Rd4) 36... Rxh3 $1) 35...
Bxa2 36. Be4 {(/\ Kf2)} Re2) 31... a5 $5 (31... Nxe3 $5 32. Nxe3 Rxe3 33. Rxe3
Rxe3 34. Rxd5 Be6 35. Rd4 $14) 32. Bb5 $14 Rd8 (32... R8e7 33. c4 Nxe3 34. Nxe3
Rxe3 35. Rxe3 Rxe3 36. cxd5 $18) 33. h3 (33. e4 $6 Nf6 $5 34. c4 Rxe4 35. Rexe4
Nxe4 36. cxd5 Nd6) 33... Nf6 34. b4 $5 Bf5 35. Bd3 Rc8 36. Bxf5 Rxf5 37. Rd3
axb4 38. Nd4 $1 Re5 39. cxb4 Rc4 40. Rb1 Re8 41. a5 Rec8 42. Kh2 g6 43. b5 Ra4
44. a6 $1 bxa6 45. b6 Rac4 46. Ra3 Rb8 47. Rxa6 Nd7 48. b7 Rc7 49. Ra8 Ke7 50.
Rxb8 Nxb8 51. Kg3 Rc3 52. Kf4 Kd7 53. g4 h6 54. Rb6 (54. h4 g5+ 55. hxg5 hxg5+
56. Kf3 Rc5 (56... f6 57. Rh1) 57. Rb6 Rc1 58. Nf5 Rc6 (58... Kc7 59. Rf6 Kxb7
60. Rxf7+ $18 {XPg5}) 59. Rb5 Kc7 60. Ne7 $16) (54. h4 Ra3 55. g5 hxg5+ 56.
hxg5 Ra2 57. Rh1 Ke7 58. Rh8 $18) (54. h4 Ra3 55. g5 h5 56. Rb5 Kd6 57. Rb6+
Kd7 58. Nb5 {e.g.} Ra4+ (58... Ra6 59. Rxa6 Nxa6 60. Ke5 Kc6 61. Kf6 $18) (
58... Rb3 59. Rd6+ Ke7 60. Rxd5) 59. Ke5 Rxh4 60. Kf6 {(/\ 61.Rd6+, 62.Nc7+,
63.Rd8++)} Rc4 61. Kxf7 Rc6 62. Rxc6 Kxc6 63. Nd4+ Kxb7 64. Kxg6 h4 65. Nf3 h3
66. Kf5 $18) 54... Rc1 55. Ke5 (55. Rf6 Ke7) 55... Kc7 56. Rb3 (56. Rf6 $4 Nd7+
) 56... Nd7+ 57. Kxd5 h5 58. Nb5+ (58. gxh5 $6 Rc5+ $1 59. Ke4 Rxh5) 58... Kxb7
59. Nd6+ Ka6 (59... Kc7 $2 60. Rb7+ Kd8 61. Nxf7+ Ke8) (59... Ka6 60. Nxf7 hxg4
61. hxg4 Nf6+ {/\ Ng4+/=}) 1/2-1/2

[Event "Cappelle op 14th"]
[Site "Cappelle la Grande"]
[Date "1998.??.??"]
[Round "9"]
[White "Blehm, Pawel"]
[Black "Gurevich, Mikhail"]
[Result "0-1"]
[WhiteElo "2380"]
[BlackElo "2635"]
[Annotator "Gurevich,M"]
[PlyCount "80"]
[EventDate "1998.02.21"]
[EventType "swiss"]
[EventRounds "9"]
[EventCountry "FRA"]
[SourceTitle "CBM 064"]
[Source "ChessBase"]
[SourceDate "1998.06.02"]
[SourceVersion "1"]
[SourceVersionDate "1998.06.02"]
[SourceQuality "1"]

1. e4 e6 2. d4 d5 3. Nd2 c5 4. exd5 exd5 5. Ngf3 Nf6 6. Bb5+ Bd7 7. Bxd7+ Nbxd7
8. O-O Be7 9. dxc5 Nxc5 10. Nb3 Nce4 11. Nfd4 Qd7 12. Qf3 O-O 13. Nf5 Bd8 14.
Be3 Rc8 15. c3 g6 (15... a5 16. Nbd4 a4 17. a3 g6 18. Ng3 Nd6 19. Rad1 Nc4 20.
Bc1 Qg4 21. Qxg4 Nxg4 22. Nc2 Re8 23. Nb4 h5 24. Nxd5 h4 25. f3 hxg3 26. fxg4
gxh2+ 27. Kxh2 Kg7 28. Kg3 Rc5 29. Rd4 b5 30. Kf3 Ne5+ 31. Kg3 Nc4 32. Kf3 Ne5+
33. Kg3 Nc4 {1/2-1/2 Akopian,V-Vaganian,R/Groningen WCh KO (3.2) 1997}) 16. Ng3
Re8 17. Rfe1 {TN} (17. Rfd1 a5 18. Nxe4 Nxe4 19. Nd4 Bg5 20. Bxg5 Nxg5 21. Qd3
Rcd8 22. Rd2 Ne4 23. Rc2 Nd6 24. Rd1 a4 25. h3 Nc4 $11 {1-0 Kotronias,V-Zysk,R/
Munich op9293 (2) 1993 (58)}) 17... a5 $5 18. a4 (18. Nd4 $142 b5 {With idea
19...b4 counterplay.}) 18... b5 $1 19. Nxe4 (19. Bd4 bxa4 20. Bxf6 Nxf6 $15)
19... dxe4 (19... Nxe4 $5 20. Nd2 (20. axb5 Qxb5 21. Qd1 Rb8 $15) (20. Nd4 bxa4
21. Qd1 Rc4 $15) 20... bxa4 21. Nxe4 Rxe4 $15) 20. Qd1 Qb7 $1 21. Nc5 Qc6 22.
Nb3 (22. axb5 Qxb5 23. Qd4 $13) (22. b4 $11) 22... bxa4 23. Nd4 Qb7 $1 24. Qxa4
Bb6 $1 {With ideas 25...Nd5, 25...Ng4} (24... Qxb2 25. Reb1 Qxc3 26. Rc1 $18)
25. Nb5 Bxe3 26. fxe3 (26. Rxe3 Qb8 27. h3 Nd5 28. Re2 Re5 $36) 26... Qb8 $1
27. h3 (27. Qxa5 Ng4 28. g3 Re5 $19) 27... Re5 $17 28. Nd4 (28. c4 Rg5 29. Re2
Nd7 $1 $17) 28... Qxb2 29. Re2 Qxc3 30. Rf1 Nh5 31. Qd7 Rf8 32. Qd6 Qc5 $138 (
32... Ng3 $5 33. Qxe5 Nxe2+ 34. Kh2 Qxe3 $17) 33. Qxc5 Rxc5 34. Ra1 Ra8 35. Nb3
(35. Rea2 Nf6 36. Nb3 Rc3 $19) 35... Rb5 36. Nd4 Rd5 37. Ra4 Nf6 38. Rea2 Rc5
39. Rc2 Rac8 40. Re2 Nd5 0-1

[Event "Metz op 21st"]
[Site "Metz"]
[Date "2003.04.21"]
[Round "3"]
[White "Sprenger, Jan Michael"]
[Black "Gurevich, Mikhail"]
[Result "0-1"]
[WhiteElo "2431"]
[BlackElo "2635"]
[Annotator "Gurevich,M"]
[PlyCount "52"]
[EventDate "2003.04.19"]
[EventType "swiss"]
[EventRounds "9"]
[EventCountry "FRA"]
[SourceTitle "CBM 093 Extra"]
[Source "ChessBase"]
[SourceDate "2003.05.09"]
[SourceVersion "1"]
[SourceVersionDate "2003.05.09"]
[SourceQuality "1"]

1. e4 e6 2. d4 d5 3. Nd2 c5 4. Ngf3 Nf6 5. exd5 exd5 6. Bb5+ Bd7 7. Bxd7+ Nbxd7
8. O-O Be7 9. dxc5 Nxc5 10. Nd4 Qd7 11. N2f3 Bd6 (11... O-O 12. Bf4 Rfe8 13. c3
Nce4 14. Ne5 Qc8 15. Nd3 Bd6 16. Re1 Bxf4 17. Nxf4 Qc7 18. g3 Qd7 $11 {1/2-1/2
Yemelin,V-Baklan,V/Halkidiki GRE 2002/The Week in Chess 412 (29)}) 12. Re1+ {TN
} (12. Bg5 Nfe4 13. Be3 O-O 14. Qe2 a6 15. Rad1 Rfe8 16. c3 {1/2-1/2 Geller,
E-Petrosian,T USSR-ch Moscow 1983}) (12. Qe2+ Nce4 13. Qb5 Rc8 14. c3 Qxb5 15.
Nxb5 Bc5 16. Bf4 O-O 17. Rad1 a6 18. Nbd4 Rfe8 19. h3 b5 20. Be3 Nd6 21. Nc2
Nc4 22. Bxc5 Rxc5 23. Rb1 $11 {0-1 Rasmussen,C-Gurevich,M/Frankfurt 2000/CBM
76 ext (47)}) 12... Nce4 13. Nh4 $5 {[н/\13...0-0 14.Nhf5|^]} Ng4 $5 14. f3
Bxh2+ 15. Kf1 O-O-O (15... Bg3 $5 16. Nhf5 Bxe1 17. Qxe1 g6 18. Nh6 $13) 16.
fxg4 $6 (16. fxe4 dxe4 17. Rxe4 (17. Nhf5) 17... Nf6 18. Re1 Bg3 (18... Qxd4
19. Qxd4 Rxd4 20. Nf3 $16) 19. Nhf5 Bxe1 20. Qxe1 $16) 16... Bg3 17. Nhf3 (17.
Nhf5 Bxe1 18. Qxe1 g6 $132) 17... Qxg4 {[н/\h7-h5-h4|^>>]} (17... h5 $1 18. g5
h4 (18... Bxe1 19. Qxe1 Qc7 20. Qh4 $13) 19. Re2 h3 $40) 18. Be3 h5 $1 19. c4 (
19. Re2 h4 20. c4 h3 21. gxh3 Qxh3+ (21... Rxh3) 22. Rg2 dxc4 $36) 19... Bxe1 (
19... h4 20. Ng5 $1 Qxd1 21. Rexd1 $16) 20. Qxe1 h4 $17 21. cxd5 (21. Nh2 Qg3
22. Qxg3 hxg3 23. Nhf3 dxc4 24. Rc1 Rh1+ 25. Ng1 Nd6 $17) 21... Rxd5 22. Rc1+
Kb8 23. Bg1 Ka8 $1 $19 (23... h3 24. Bh2+ Ka8 25. Qe2 Ng3+ 26. Bxg3 Qxg3 $17)
24. Qe3 Re8 {[н/\25...Ng3+]} 25. Ne6 Ng3+ 26. Ke1 Qxe6 0-1

[Event "Bundesliga 0304"]
[Site "Germany"]
[Date "2003.11.22"]
[Round "3.5"]
[White "Lau, Ralf"]
[Black "Gurevich, Mikhail"]
[Result "0-1"]
[WhiteElo "2503"]
[BlackElo "2656"]
[Annotator "Gurevich,M"]
[PlyCount "62"]
[EventDate "2003.11.01"]
[EventType "team-tourn"]
[EventRounds "15"]
[EventCountry "GER"]
[SourceTitle "CBM 097 Extra"]
[Source "ChessBase"]
[SourceDate "2004.01.13"]
[SourceVersion "1"]
[SourceVersionDate "2004.01.13"]
[SourceQuality "1"]
[WhiteTeam "Kreuzberg"]
[BlackTeam "Porz"]
[WhiteTeamCountry "GER"]
[BlackTeamCountry "GER"]

1. e4 e6 2. d4 d5 3. Nd2 c5 4. exd5 exd5 5. Ngf3 Nf6 (5... c4 6. g3 Nc6 7. Bg2
{TN} Qe7+ 8. Qe2 Nb4 9. Qxe7+ Bxe7 10. Kd1 Bf5 11. Ne1 Nf6 12. Nf1 Ne4 (12...
Be4 $5) 13. Ne3 Be6 14. c3 $5 Nxf2+ 15. Ke2 Nxh1 16. cxb4 Nxg3+ 17. hxg3 Bxb4
18. Nxd5 Bd6 19. Kf2 O-O-O 20. Ne3 $13 {1-0 Scholz,C-Gurevich,M/St Ingbert GER
2003/The Week in Chess 473 (97)}) 6. Be2 Bd6 (6... Nc6 7. O-O cxd4 8. Nb3 Be7
9. Nfxd4 O-O 10. Bg5 h6 11. Bh4 Re8 12. c3 Ne4 13. Bxe7 Qxe7 14. Qc2 Qg5 15.
Bf3 Bh3 16. Kh1 Bf5 17. Nxf5 Qxf5 18. Kg1 Re7 19. Rad1 Rae8 20. Nd4 Qf6 $13 {
1/2-1/2 Tiviakov,S-Potkin,V/Krasnoyarsk RUS 2003/The Week in Chess 461 (55)})
7. dxc5 Bxc5 8. Nb3 Bb6 9. O-O O-O 10. c3 Bg4 (10... h6 11. Nbd4 Nc6 12. h3 Re8
13. Re1 Qd6 14. Bd3 Rxe1+ 15. Qxe1 Nxd4 16. cxd4 Bd7 {1/2-1/2 Babaev,R-Baklan,
V/Saint Vincent 2003/CB05 (16)}) 11. Nbd4 Nc6 $5 (11... Nbd7 12. Be3 Re8 13.
Re1 Rc8 14. h3 Bh5 15. Nf5 Bc7 16. Bd4 Nb6 17. N3h4 $14 {Dorfman,J-Furman,S
USSR ch Yerevan 1975 1-0(60)}) 12. Be3 Re8 13. h3 Bh5 14. Re1 Ne4 $5 {[/\15...
Qf6|^>>]} 15. Qa4 (15. Nc2 Bxf3 $5 16. Bxf3 Ne5 $132) 15... Qf6 16. Qb5 Rad8 (
16... Bxf3 17. Bxf3 (17. Nxf3 Bxe3 18. fxe3 Ng3 $36) 17... Nxd4 18. Bxd4 Bxd4
19. cxd4 Qxd4 20. Bxe4 dxe4 21. Rad1 $11) 17. Rad1 Bxf3 $5 18. Bxf3 Ne5 19. Be2
Ng6 $5 {[/\20...Nf4|^>>]} 20. Bf1 Nf4 21. Qa4 Re5 22. Qc2 Rde8 23. Qc1 $5 Ng6 (
23... g5 $5 24. g4 (24. h4 h6 25. hxg5 hxg5 26. Bb5 R8e7 $36) (24. g3 Ne6 25.
Bg2 Nxd4 26. cxd4 R5e7 $36) 24... h5 $36) 24. g3 $6 (24. Bb5 R8e7 25. Nf3 $13)
24... R5e7 $5 25. Bg2 h6 26. Rf1 Ne5 $15 {[Xf3,c4]} 27. Qc2 Nc4 28. Bc1 (28.
Bf4 g5 29. Bc1 h5 $36) 28... a6 29. Kh2 Qg6 $5 {[/\30...Bxd4,31....Nxg3;XQc2]}
30. Qd3 Ne5 $17 31. Qb1 $2 $138 (31. Qe2 Bxd4 (31... Nc6 $5) (31... h5 $5) 32.
cxd4 (32. Rxd4 Nc6 33. Rxd5 Nxg3) 32... Nc6 $36) (31. Qc2 Bxd4 32. Rxd4 Nxg3
33. Qxg6 Nxf1+ $19) 31... Nxg3 (31... Nxg3 32. Qxg6 Nxf1+ 33. Rxf1 Nxg6 $19)
0-1

[Event "Belfort Comtois 4th"]
[Site "Belfort"]
[Date "1999.12.15"]
[Round "3"]
[White "Ye, Jiangchuan"]
[Black "Gurevich, Mikhail"]
[Result "1/2-1/2"]
[WhiteElo "2593"]
[BlackElo "2643"]
[Annotator "Gurevich,M"]
[PlyCount "46"]
[EventDate "1999.12.13"]
[EventType "tourn"]
[EventRounds "6"]
[EventCountry "FRA"]
[EventCategory "15"]
[SourceTitle "CBM 075"]
[Source "ChessBase"]
[SourceDate "2000.04.05"]
[SourceVersion "1"]
[SourceVersionDate "2000.04.05"]
[SourceQuality "1"]

1. e4 e6 2. d4 d5 3. Nd2 c5 4. Ngf3 Nf6 5. exd5 exd5 6. Bb5+ Bd7 7. Bxd7+ Nbxd7
8. O-O Be7 9. dxc5 Nxc5 10. Nb3 Nce4 11. Nbd4 Qc8 12. c3 O-O 13. Be3 $5 {
[/\14..Nc2,15.Bd4]} Re8 14. Nc2 Bd6 $1 15. Bd4 Qc6 (15... Nh5 $5 {(/\16...
Nf4|^>>)} 16. Ng5 $1 Nf4 17. Nxe4 dxe4 $1 (17... Rxe4 18. Ne3 $11) 18. Bxg7 Re6
$1 $40) 16. Ne3 Rad8 17. Re1 Bb8 18. Qc2 Nh5 $5 {[/\19...Nf4->]} 19. g3 $1 Qg6
20. Nh4 Qg5 21. Nf3 Qg6 22. Nh4 $11 Qg5 23. Nf3 (23. Nhg2 f5 $36) 23... Qg6
1/2-1/2

[Event "DEN-ch"]
[Site "Taastrup"]
[Date "1998.04.10"]
[Round "7"]
[White "Borge, Nikolaj"]
[Black "Nielsen, Peter Heine"]
[Result "0-1"]
[WhiteElo "2390"]
[BlackElo "2505"]
[Annotator "Hecht,H"]
[PlyCount "102"]
[EventDate "1998.04.04"]
[EventType "tourn"]
[EventRounds "9"]
[EventCountry "DEN"]
[EventCategory "9"]
[SourceTitle "CBM 065"]
[Source "ChessBase"]
[SourceDate "1998.08.06"]
[SourceVersion "1"]
[SourceVersionDate "1998.08.06"]
[SourceQuality "1"]

1. e4 e6 2. d4 d5 3. Nd2 c5 4. exd5 exd5 5. Ngf3 Nf6 6. Bb5+ Bd7 7. Bxd7+ Nbxd7
8. O-O Be7 9. dxc5 Nxc5 10. Nb3 Nce4 11. Nfd4 Qd7 12. Qf3 O-O 13. Nf5 Bd8 14.
Nbd4 Bb6 15. Rd1 g6 16. Nh6+ Kg7 17. h3 Rac8 18. c3 Rfe8 19. Be3 Nd6 20. Nc2
Nc4 21. Bxb6 axb6 22. Ng4 Nxg4 23. hxg4 Rcd8 24. Rd4 Ne5 25. Qg3 Nc6 26. Rd2
Re5 27. Rad1 Qe6 28. Ne3 h5 29. g5 Re4 30. Qf3 Ne7 31. Rd4 Rxd4 32. Rxd4 Qe5
33. Qf4 Qxf4 34. Rxf4 Nc6 35. Nc2 Re8 36. Kf1 Re5 37. Ne3 Rxg5 38. Ke2 Re5 39.
b4 g5 40. Rf5 Rxf5 41. Nxf5+ {[#] Black's extra pawn will bring success by
means of a breakthrough on the king's wing. [#] Der schwarze Mehrbauer wird
mit einem Durchbruch am Königsflügel zur Geltung gebracht.} Kf6 42. Nd6 Ke6 43.
Nb5 (43. Nxb7 $2 Kd7 44. b5 Ne7 {[%csl Rb7][%cal Rd7c7]}) 43... d4 44. a3 (44.
cxd4 Nxb4 45. a3 Nd5 $17 {[%cal Rf7f5,Rh5h4] the knight on b5 stands
particularly awfully. insbesondere steht der Sb5 lausig.}) (44. Nxd4+ Nxd4+ 45.
cxd4 Kd5 46. Kd3 b5 $19 {formation of an outside passed pawn on the h-file.
Bildung eines entfernten Freibauern auf der h-Linie}) 44... dxc3 45. Nxc3 Ne7
46. Ne4 f6 47. f3 Ke5 48. Kd3 h4 49. Kc4 (49. Ke3 Nd5+ 50. Kf2 Kd4 51. Ke2 Kc4
{[%csl Ra3,Rb4][%cal Yc4b3]}) 49... g4 50. Nd2 h3 51. fxg4 hxg2 0-1

[Event "New York op"]
[Site "New York"]
[Date "1998.03.17"]
[Round "4"]
[White "Ivanov, Alexander"]
[Black "Gurevich, Mikhail"]
[Result "0-1"]
[WhiteElo "2545"]
[BlackElo "2635"]
[Annotator "Hecht,H"]
[PlyCount "114"]
[EventDate "1998.03.16"]
[EventType "swiss"]
[EventRounds "9"]
[EventCountry "USA"]
[SourceTitle "CBM 064"]
[Source "ChessBase"]
[SourceDate "1998.06.02"]
[SourceVersion "1"]
[SourceVersionDate "1998.06.02"]
[SourceQuality "1"]

1. e4 e6 2. d4 d5 3. Nd2 c5 4. Ngf3 Nf6 5. exd5 exd5 6. Bb5+ Bd7 7. Bxd7+ Nbxd7
8. O-O Be7 9. dxc5 Nxc5 10. Nd4 Qd7 11. N2f3 O-O 12. Ne5 Qc8 13. Re1 Re8 14.
Nd3 Nce4 15. f3 Nd6 16. b3 Nd7 17. Qd2 Qc7 18. Bb2 Bf6 19. Kh1 g6 20. Nb4 Qa5
21. Rxe8+ Rxe8 22. Re1 Rxe1+ 23. Qxe1 Ne5 24. a3 h5 25. Qc1 Nd7 26. Ne2 Bxb2
27. Qxb2 Nf5 28. Ng3 Ne3 29. Ne2 Nc5 30. Qc1 Nf5 31. Ng3 Nxg3+ 32. hxg3 {
[#] A white pawn weakness on g3 and after Black plays ...d4, a weakness on c2
as well. [#] weiße Bauernschwächen g3 und nach erfolgtem schwarzen d4 auch c2.}
Ne6 33. Qe1 d4 34. a4 Qc7 35. Qf2 Qe5 36. Nd3 Qg5 37. Kh2 Qd5 38. Qe2 Qc6 39.
Kg1 Qc7 40. Kf2 a6 41. Ne5 d3 42. Nxd3 (42. cxd3 $5 Nd4 (42... Qc3 43. Nxg6)
43. Qe4 Qc2+ 44. Kf1 $13 (44. Kg1 Ne2+ 45. Kh2 Qd1 $19 {[%cal Yd1g1,Yg1h1]}) (
44. Ke3 Nf5+ 45. Kf4 Qc1+ $19)) 42... Nd4 43. Qe8+ Kh7 44. Ne5 Kg7 45. Kg1 (45.
Nc4 {[%cal Ye8e5]} Nxc2 46. Qe5+ Qxe5 47. Nxe5 $11) 45... Nxc2 46. Nd7 Qd6 47.
Qe5+ Qxe5 48. Nxe5 {Now the white king stands poorly, which helps the black
knight to get to an advantageous position. Jetzt steht der weiße König
schlecht, was dem schwarzen Springer zu einer günstigen Position verhilft.} Nd4
49. b4 Ne2+ $1 50. Kf2 Nc3 51. a5 (51. Ke3 Nxa4 52. Kd4 Kf6 $17) 51... Nd5 52.
Nd3 {Now White's protective knight gets in the way of his own king's
activation. Der weiße Deckungsspringer verhindert nun eine Aktivierung des
eigenen Königs.} Kf6 53. g4 hxg4 54. fxg4 Ke7 55. Kf3 Kd6 56. g5 Nc7 57. Nc5
Kc6 0-1

[Event "Yerevan zt 1.5"]
[Site "Yerevan"]
[Date "2000.06.11"]
[Round "5"]
[White "Kacheishvili, Giorgi"]
[Black "Vaganian, Rafael A"]
[Result "0-1"]
[WhiteElo "2564"]
[BlackElo "2618"]
[Annotator "Hecht,H"]
[PlyCount "130"]
[EventDate "2000.06.07"]
[EventType "swiss"]
[EventRounds "9"]
[EventCountry "ARM"]
[SourceTitle "CBM 078"]
[Source "ChessBase"]
[SourceDate "2000.10.18"]
[SourceVersion "1"]
[SourceVersionDate "2000.10.18"]
[SourceQuality "1"]

1. e4 e6 2. d4 d5 3. Nd2 c5 4. exd5 exd5 5. Bb5+ Bd7 6. Qe2+ Be7 7. dxc5 Nf6 8.
Nb3 O-O 9. Be3 a6 10. Bd3 Ba4 11. Nf3 Nbd7 12. Nfd4 Re8 13. O-O-O Bxb3 14. Nxb3
Nxc5 15. Qf3 Nxb3+ 16. cxb3 Qa5 17. Kb1 Bc5 18. Bd2 Qb6 19. Be1 Bb4 20. Bc2
Bxe1 21. Rhxe1 g6 22. a3 a5 23. Qf4 Rac8 24. h4 h5 25. Qd2 Ng4 26. Rxe8+ Rxe8
27. Qxd5 Nxf2 28. Rf1 Re6 29. Qc4 Rc6 30. Qf4 Rf6 31. Qb8+ Kh7 32. Re1 Ng4 33.
Qf8 Rf2 34. Re8 Qf6 35. Qc5 Kh6 36. Qc8 Qxh4 37. Rh8+ Kg5 38. Qc5+ f5 39. Qe7+
Nf6 40. Rf8 Qd4 41. Rd8 Rf1+ 42. Ka2 Qg1 43. b4 Re1 44. Qxb7 a4 45. Bxa4 Ra1+
46. Kb3 Qe3+ 47. Kc4 Qe2+ 48. Kc5 Qxb2 49. Rd3 Rxa3 50. Rxa3 Ne4+ 51. Kd5 Qxa3
52. Qe7+ Nf6+ 53. Kc4 Qxa4 54. Qe3+ f4 55. Qe5+ Kg4 56. Qxf6 {[#] Thema:
doppelter Übergang ins Bauernendspiel.} Qc2+ {erzwingt Übergang 1} 57. Kb5 (57.
Kd4 Qb2+ $19) (57. Kd5 Qxg2+ $19) 57... Qf5+ 58. Qxf5+ Kxf5 (58... gxf5 59. Kc5
Kg3 60. b5 Kxg2 61. b6 f3 62. b7 f2 63. b8=Q f1=Q $19) 59. Kc6 (59. Ka5 f3 60.
gxf3 h4 61. b5 h3 62. b6 h2 63. b7 h1=Q 64. b8=Q Qa1+ 65. Kb6 Qb2+ 66. Kc7
Qxb8+ 67. Kxb8 Kf4 $19) (59. Kc5 f3 60. gxf3 h4 61. b5 Ke6 62. Kc6 h3 63. b6 h2
64. b7 h1=Q 65. b8=Q Qxf3+ 66. Kc5 Qc3+ $19) 59... f3 60. gxf3 h4 61. b5 h3 62.
b6 h2 63. b7 h1=Q 64. b8=Q {[#]} Qxf3+ {erzwingt Übergang 2} 65. Kc5 (65. Kd7
Qd5+ 66. Ke7 Qe5+ $19) 65... Qe3+ $1 (65... Qe3+ 66. Kd5 (66. Kc4 Qf4+ $19) (
66. Kc6 Qe6+ 67. Kc5 Qe5+ $19) 66... Qe4+ 67. Kc5 Qe5+ $19) 0-1

[Event "Hoogovens"]
[Site "Wijk aan Zee"]
[Date "1996.01.22"]
[Round "8"]
[White "Tiviakov, Sergei"]
[Black "Dreev, Alexey"]
[Result "1/2-1/2"]
[WhiteElo "2625"]
[BlackElo "2670"]
[Annotator "Hecht,H"]
[PlyCount "97"]
[EventDate "1996.01.13"]
[EventType "tourn"]
[EventRounds "13"]
[EventCountry "NED"]
[EventCategory "17"]
[SourceTitle "CBM 051"]
[Source "ChessBase"]
[SourceDate "1996.04.01"]
[SourceVersion "1"]
[SourceVersionDate "1996.04.01"]
[SourceQuality "1"]

1. e4 e6 2. d4 d5 3. Nd2 c5 4. exd5 exd5 5. Ngf3 Nf6 6. Bb5+ Bd7 7. Bxd7+ Nbxd7
8. O-O Be7 9. dxc5 Nxc5 10. Re1 O-O 11. Nf1 Re8 12. Be3 Nfe4 13. c3 Qd6 14. Ng3
Bf8 15. Qc2 Qa6 16. Red1 Rad8 17. Ng5 Nxg5 18. Bxg5 Rd7 19. Be3 b6 20. Qf5 g6
21. Qg4 Ne6 22. Bd4 Qb5 23. Nh5 Be7 24. Bf6 d4 25. Bxe7 Qxh5 26. Qxh5 gxh5 27.
Bf6 d3 28. Rd2 Nf4 29. Kf1 Re2 30. Rad1 Ne6 31. g3 Rxd2 32. Rxd2 {TL-TS:
ungleiche B-Verteilung, Taktik pur, "S-Veitstanz!"} Rd5 33. Kg2 h6 34. c4 Rd6
35. Kf3 Kh7 36. Be5 Ng5+ 37. Kf4 Rd7 38. h4 Nh3+ $1 39. Kf3 (39. Ke4 Nxf2+ $1)
39... Ng1+ 40. Ke4 Re7 41. Rd1 Nh3 42. Kf5 Nxf2 43. Rd2 Ng4 44. Bd4 Ne3+ 45.
Kf4 Nxc4 46. Rxd3 Rd7 47. b3 Na3 48. Rd2 Nb1 49. Rd3 1/2-1/2

[Event "Interzonal-15"]
[Site "Manila"]
[Date "1990.??.??"]
[Round "2"]
[White "Ivanchuk, Vassily"]
[Black "Cabrilo, Goran"]
[Result "1-0"]
[WhiteElo "2680"]
[BlackElo "2485"]
[Annotator "Knaak,R"]
[PlyCount "59"]
[EventDate "1990.06.29"]
[EventType "swiss"]
[EventRounds "13"]
[EventCountry "PHI"]
[SourceTitle "CBM 019"]
[Source "ChessBase"]
[SourceDate "1990.12.01"]
[SourceVersion "1"]
[SourceVersionDate "1990.12.01"]
[SourceQuality "1"]

1. e4 e6 2. d4 d5 3. Nd2 c5 4. exd5 exd5 5. Bb5+ Bd7 6. Bxd7+ Nxd7 7. dxc5 $6
Bxc5 8. Nb3 Bb6 $1 9. Qxd5 Ngf6 10. Qd3 O-O 11. Nf3 Re8+ 12. Be3 Bxe3 (12...
Ng4 $5 13. O-O-O (13. Nbd4 $2 Nde5 $1 14. Nxe5 Nxe5 {/\ Bd4-+}) (13. Nfd4 $5
Nde5 (13... Qf6 $5) 14. Qe2 $1 Nxe3 15. fxe3 $13) 13... Nxe3 14. fxe3 Bxe3+ 15.
Kb1 Nf6 $10) 13. fxe3 Qb6 14. O-O-O Rxe3 $10 15. Qd4 Re2 16. Rd2 Rxd2 17. Qxd2
a5 $6 18. Nbd4 a4 19. a3 {>< b4, b5} Ne4 20. Qb4 Qh6+ 21. Kb1 Ndc5 22. Re1 Rd8
$2 23. Rxe4 Nxe4 24. Qe7 Nc3+ 25. bxc3 Qb6+ 26. Ka2 h6 27. Ne5 Kh7 28. Qxf7 Qa5
29. Qf5+ Kg8 30. Ne6 1-0